Sports Quiz

Random Sports or World Quiz
Score 0/67 Timer 12:00
0 Plays Today
Team Player % Correct
Red SoxDavid Ortiz
100%
OriolesFrank Robinson
92.9%
OriolesBrooks Robinson
92.9%
AthleticsReggie Jackson
92.9%
RedsJohnny Bench
92.9%
YankeesReggie Jackson
92.9%
YankeesDerek Jeter
92.9%
GiantsPablo Sandoval
92.9%
Diamondbacks Randy Johnson
92.9%
DodgersSandy Koufax
85.7%
CardinalsBob Gibson
85.7%
DodgersSandy Koufax
85.7%
CardinalsBob Gibson
85.7%
TwinsJack Morris
85.7%
NationalsStephen Strasburg
85.7%
BravesTom Glavine
85.7%
MarlinsLivan Hernandez
85.7%
DiamondbacksCurt Schilling
85.7%
Red Sox Manny Ramirez
85.7%
CardinalsDavid Freese
85.7%
GiantsMadison Bumgarner
85.7%
PiratesRoberto Clemente
78.6%
PiratesWillie Stargell
78.6%
DodgersOrel Hershiser
78.6%
YankeesMariano Rivera
78.6%
PhilliesCole Hamels
78.6%
CubsBen Zobrist
78.6%
AstrosGeorge Springer
78.6%
RedsPete Rose
71.4%
PhilliesMike Schmidt
71.4%
TigersAlan Trammell
71.4%
Blue JaysPaul Molitor
71.4%
AngelsTroy Glaus
71.4%
MarlinsJosh Beckett
71.4%
Team Player % Correct
RoyalsSalvador Perez
71.4%
YankeesWhitey Ford
64.3%
YankeesBucky Dent
64.3%
OriolesRyan Dempsey
64.3%
MetsRay Knight
64.3%
White SoxJermaine Dye
64.3%
CardinalsDavid Eckstein
64.3%
YankeesHideki Matsui
64.3%
AthleticsRollie Fingers
57.1%
RoyalsBret Saberhagen
57.1%
RedsJose Rijo
57.1%
YankeesScott Brosius
57.1%
Red SoxMike Lowell
57.1%
GiantsEdgar Renteria
57.1%
DodgersRon Cey
57.1%
DodgersPedro Guerrero
57.1%
YankeesDon Larsen
50%
YankeesBobby Richardson
50%
YankeesRalph Terry
50%
TigersMickey Lolich
50%
AthleticsGene Tenace
50%
DodgersSteve Yeager
50%
TwinsFrank Viola
50%
AthleticsDave Stewart
50%
Blue JaysPat Borders
50%
YankeesJohn Wetteland
50%
YankeesBob Turley
42.9%
Red SoxSteve Pierce
42.9%
DodgersJohnny Podres
35.7%
BravesLew Burdette
35.7%
CardinalsDarrell Porter
35.7%
Mets Donn Clendenon
28.6%
DodgersLarry Sherry
21.4%
Remove Ads.
Support Sporcle.
Get the best of Sporcle when you Go Orange. This ad-free experience offers more features, more stats, and more fun while also helping to support Sporcle. Thank you for becoming a member.

You're not logged in!

Compare scores with friends on all Sporcle quizzes.
OR
Log In

Sporcle TV

Today on Sporcle TV


Watch our educational content, quiz creation guides, and fun videos on Sporcle TV.

Show Comments

Extras

Top Quizzes Today


Score Distribution

Paid Content

Your Account Isn't Verified!

In order to create a playlist on Sporcle, you need to verify the email address you used during registration. Go to your Sporcle Settings to finish the process.

Report this User

Report this user for behavior that violates our Community Guidelines.

Details: